[Event "Belgrade-chTB Quality"]
[Site "Belgrade"]
[Date "2018.10.07"]
[Round "4.2"]
[White "Dunjic, Dragan"]
[Black "Radosevic, Nenad"]
[Result "0-1"]
[WhiteElo "2154"]
[BlackElo "2173"]
[PlyCount "102"]
[EventDate "2018.09.29"]
[EventType "team-tourn"]
[EventRounds "11"]
[EventCountry "SRB"]
[SourceTitle "CBM 187 Extra"]
[Source "ChessBase"]
[SourceDate "2018.11.04"]
[SourceVersion "1"]
[SourceVersionDate "2018.11.04"]
[SourceQuality "1"]
[WhiteTeam "Belgrade Borca"]
[BlackTeam "Belgrade Visan"]
[WhiteTeamCountry "SRB"]
[BlackTeamCountry "SRB"]

1. d4 g6 2. Nf3 Nf6 3. c4 Bg7 4. Nc3 d5 5. g3 0-0 6. Bg2 dxc4 7. 0-0 c6 8. a4 Nd5 9. e4 Nb4 10. h3 Nd3 11. Ne2 c5 12. d5 Nxb2 13. Bxb2 Bxb2 14. Rb1 Bg7 15. Qc2 b6 16. Qxc4 Ba6 17. Qc2 Nd7 18. Rbd1 Ne5 19. Nxe5 Bxe5 20. f4 Bg7 21. e5 f6 22. d6 fxe5 23. Bxa8 Qxa8 24. dxe7 Re8 25. Rd8 Rxd8 26. exd8Q+ Qxd8 27. Rd1 Qe8 28. Qe4 h5 29. Nc3 Qe6 30. Nd5 Kh7 31. Ne3 Qxh3 32. f5 Qxg3+ 33. Ng2 Bc8 34. fxg6+ Qxg6 35. Qxg6+ Kxg6 36. a5 b5 37. Rd8 Bg4 38. Ra8 e4 39. Rxa7 Bd4+ 40. Kf1 Bh3 41. Rb7 e3 42. a6 e2+ 43. Kxe2 Bxg2 44. Rb8 h4 45. Rg8+ Bg7 46. Kf2 h3 47. a7 b4 48. a8Q Bxa8 49. Rxa8 b3 50. Re8 Bd4+ 51. Ke2 Kg5 0-1

[Event "Belgrade-chT"]
[Site "Belgrade"]
[Date "2017.10.14"]
[Round "4.1"]
[White "Lazarevic, Zoran Voj"]
[Black "Dunjic, Dragan"]
[Result "1-0"]
[WhiteElo "2160"]
[BlackElo "2177"]
[PlyCount "116"]
[EventDate "2017.10.01"]
[EventType "team-tourn"]
[EventRounds "11"]
[EventCountry "SRB"]
[SourceTitle "CBM 181 Extra"]
[Source "ChessBase"]
[SourceDate "2017.12.12"]
[SourceVersion "1"]
[SourceVersionDate "2017.12.12"]
[SourceQuality "1"]
[WhiteTeam "BASK"]
[BlackTeam "Borca"]
[WhiteTeamCountry "SRB"]
[BlackTeamCountry "SRB"]

1. e4 c6 2. Nc3 d5 3. Nf3 Bg4 4. Be2 e6 5. d3 Bd6 6. 0-0 Nd7 7. Re1 Ne7 8. exd5 cxd5 9. Nb5 Bb8 10. c4 0-0 11. h3 Bh5 12. Be3 a6 13. Nc3 Nf6 14. Bc5 Qc7 15. Bxe7 Qxe7 16. cxd5 Nxd5 17. Nxd5 exd5 18. d4 Qd6 19. Ne5 Bg6 20. Bf3 Rd8 21. Qb3 Ba7 22. Nxg6 hxg6 23. Rad1 Qf6 24. Re2 Bxd4 25. Red2 Bb6 26. Bxd5 Rd7 27. Qf3 Qe5 28. g3 Re8 29. Kg2 Ba5 30. Rd3 Qxb2 31. Rb3 Qc2 32. Rxb7 Rxb7 33. Bxb7 Re6 34. Qd3 Qc5 35. Bf3 Bb6 36. Rd2 Rf6 37. Qxa6 Ba5 38. Qa8+ Kh7 39. Re2 Bb6 40. Qe4 Re6 41. Qh4+ Kg8 42. Rb2 g5 43. Qb4 Qf5 44. Qc4 Rf6 45. Bg4 Qe5 46. Re2 Qb8 47. Qd5 Qd6 48. Qxg5 Qc6+ 49. Kg1 Rd6 50. Qe5 Rd1+ 51. Re1 Rd8 52. Qe4 Qc3 53. Bf3 Qc5 54. Re2 Qc3 55. Kg2 Bd4 56. h4 Bf6 57. h5 Qc1 58. Qf5 Qg5 1-0

[Event "Belgrade-chT"]
[Site "Belgrade"]
[Date "2017.10.01"]
[Round "1.1"]
[White "Dunjic, Dragan"]
[Black "Milosevic, Milos"]
[Result "1-0"]
[WhiteElo "2177"]
[BlackElo "2249"]
[PlyCount "73"]
[EventDate "2017.10.01"]
[EventType "team-tourn"]
[EventRounds "11"]
[EventCountry "SRB"]
[SourceTitle "CBM 181 Extra"]
[Source "ChessBase"]
[SourceDate "2017.12.12"]
[SourceVersion "1"]
[SourceVersionDate "2017.12.12"]
[SourceQuality "1"]
[WhiteTeam "Borca"]
[BlackTeam "Vreoci Turbina"]
[WhiteTeamCountry "SRB"]
[BlackTeamCountry "SRB"]

1. Nf3 f5 2. d4 Nf6 3. h3 d6 4. c4 g6 5. Nc3 Bg7 6. Bf4 0-0 7. e3 Qe8 8. Be2 c6 9. Qb3 Kh8 10. 0-0-0 a6 11. g4 b5 12. g5 Nh5 13. Bh2 Nd7 14. Nh4 e5 15. cxb5 axb5 16. Bf3 Nb6 17. Qb4 d5 18. Bxh5 gxh5 19. Bxe5 Bxe5 20. dxe5 Be6 21. g6 Rg8 22. Qf4 Ra7 23. Qh6 Nc4 24. Rhg1 Qf8 25. Qxf8 Rxf8 26. gxh7 Kxh7 27. Ng6 Re8 28. b3 Nb6 29. Rg5 Kh6 30. h4 Rg7 31. Rdg1 Nd7 32. Ne2 Bf7 33. Nf8 Nxf8 34. Rxg7 Bg6 35. Rc7 Rxe5 36. Nf4 Be8 37. Rg8 1-0

[Event "Belgrade Trophy 30th"]
[Site "Belgrade"]
[Date "2016.11.26"]
[Round "3"]
[White "Dunjic, Dragan"]
[Black "Ostojic, Nikola"]
[Result "1-0"]
[WhiteElo "2168"]
[BlackElo "2430"]
[PlyCount "109"]
[EventDate "2016.11.24"]
[EventType "swiss"]
[EventRounds "9"]
[EventCountry "SRB"]
[SourceTitle "CBM 175 Extra"]
[Source "ChessBase"]
[SourceDate "2016.12.12"]
[SourceVersion "1"]
[SourceVersionDate "2016.12.12"]
[SourceQuality "1"]

1. d4 d6 2. Nf3 g6 3. g3 Bg7 4. Bg2 Nf6 5. 0-0 0-0 6. c4 Nc6 7. Nc3 Bf5 8. Nd5 Nd7 9. e3 Bg4 10. Nf4 e5 11. Ne2 exd4 12. exd4 Qf6 13. Bg5 Qf5 14. Bf4 Qh5 15. Qd3 Rfe8 16. Rfe1 Nb4 17. Qc3 Nc2 18. h3 Nxe1 19. hxg4 Qxg4 20. Rxe1 Nf6 21. Qc1 Qd7 22. Nc3 Rxe1+ 23. Qxe1 Re8 24. Qd2 Ne4 25. Nxe4 Rxe4 26. Be3 Re8 27. Ng5 h6 28. Ne4 Kh7 29. Nc3 c6 30. Kh2 a6 31. a4 f5 32. Bh3 Qf7 33. b3 Rf8 34. Qd3 Kh8 35. Bf4 Qf6 36. Ne2 g5 37. Bd2 Qf7 38. Bg2 Re8 39. Kg1 Rf8 40. Bf3 Qe7 41. g4 fxg4 42. Bxg4 Qf7 43. f4 c5 44. f5 d5 45. Bc3 dxc4 46. Qxc4 Qxc4 47. bxc4 cxd4 48. Nxd4 Kg8 49. Bf3 b6 50. Bd5+ Kh7 51. Ne6 Bxc3 52. Nxf8+ Kg7 53. Nd7 a5 54. Kg2 Bd4 55. Kf3 1-0

[Event "Belgrade-chT Quality"]
[Site "Belgrade"]
[Date "2015.11.04"]
[Round "10"]
[White "Dunjic, Dragan"]
[Black "Lazarevic, Goran"]
[Result "1-0"]
[WhiteElo "2180"]
[BlackElo "2000"]
[PlyCount "99"]
[EventDate "2015.10.03"]
[EventType "team-tourn"]
[EventRounds "11"]
[EventCountry "SRB"]
[SourceTitle "EXT 2018"]
[Source "ChessBase"]
[SourceDate "2017.10.13"]
[SourceVersion "1"]
[SourceVersionDate "2017.10.13"]
[SourceQuality "1"]

1. Nf3 c5 2. g3 d5 3. c4 d4 4. e3 Nc6 5. d3 e5 6. Bg2 Bg4 7. exd4 cxd4 8. 0-0 f6 9. Re1 Nge7 10. Nbd2 Qd7 11. a3 a5 12. Rb1 Ng6 13. Qc2 Rc8 14. h4 Bh3 15. Bh1 Be7 16. Kh2 Bg4 17. Bg2 0-0 18. Ng1 f5 19. Bd5+ Kh8 20. Ndf3 Bf6 21. Ng5 Nb4 22. axb4 Qxd5 23. Ra1 axb4 24. Ra8 b5 25. cxd5 Rxc2 26. Rxf8+ Nxf8 27. Kh1 Kg8 28. f4 Bxg5 29. fxg5 e4 30. dxe4 d3 31. e5 d2 32. Bxd2 Rxd2 33. e6 Nxe6 34. dxe6 Kf8 35. e7+ Ke8 36. Re5 Rxb2 37. Rxb5 Kxe7 38. Rb7+ Kf8 39. Rb8+ Kf7 40. Rb7+ Kg8 41. Rb8+ Kf7 42. Rb7+ Kg6 43. Rb6+ Kh5 44. Rb7 Bd1 45. Rxg7 Kg4 46. g6 h5 47. Rd7 Ba4 48. Rd6 Bb3 49. g7 Bg8 50. Rg6# 1-0

[Event "Belgrade-chT Quality"]
[Site "Belgrade"]
[Date "2015.11.02"]
[Round "8"]
[White "Dunjic, Dragan"]
[Black "Knezevic, Milorad G"]
[Result "0-1"]
[WhiteElo "2180"]
[BlackElo "2213"]
[PlyCount "104"]
[EventDate "2015.10.03"]
[EventType "team-tourn"]
[EventRounds "11"]
[EventCountry "SRB"]
[SourceTitle "EXT 2018"]
[Source "ChessBase"]
[SourceDate "2017.10.13"]
[SourceVersion "1"]
[SourceVersionDate "2017.10.13"]
[SourceQuality "1"]

1. d4 d5 2. c4 e6 3. Nc3 f5 4. Nf3 Nf6 5. g3 c6 6. Bg2 Bd6 7. 0-0 0-0 8. b3 Ne4 9. Qd3 Nd7 10. Bb2 Qe8 11. Nd2 Qg6 12. e3 Ndf6 13. Ne2 Bd7 14. Nf3 Qh6 15. Ne5 Rad8 16. f3 Ng5 17. Nf4 Bc8 18. Qe2 Nf7 19. Nh3 g5 20. Rad1 g4 21. Nxf7 Rxf7 22. Nf4 Rg7 23. Bc1 Bxf4 24. exf4 Qg6 25. fxg4 Nxg4 26. Bf3 Nf6 27. Qe5 Ne4 28. Bxe4 fxe4 29. Qb8 a6 30. Qa7 h5 31. f5 exf5 32. Rf4 Be6 33. Qb6 Re8 34. Be3 dxc4 35. bxc4 Bxc4 36. Rd2 Qe6 37. Rdf2 Rf8 38. a4 Qd7 39. Qc5 Bd5 40. a5 Rg4 41. Rb2 Rf7 42. Rxg4+ hxg4 43. Bf4 Qe7 44. Qc3 Qe6 45. Qe3 Bc4 46. Rf2 Qd5 47. Rc2 Bb5 48. Rf2 Qc4 49. Qd2 Qd3 50. Qc1 Qxd4 51. Be3 Qg7 52. Bh6 Qg6 0-1

[Event "Belgrade-chT Quality"]
[Site "Belgrade"]
[Date "2015.10.17"]
[Round "5"]
[White "Dunjic, Dragan"]
[Black "Popovic, Ivan M"]
[Result "1/2-1/2"]
[WhiteElo "2180"]
[BlackElo "2029"]
[PlyCount "125"]
[EventDate "2015.10.03"]
[EventType "team-tourn"]
[EventRounds "11"]
[EventCountry "SRB"]
[SourceTitle "EXT 2018"]
[Source "ChessBase"]
[SourceDate "2017.10.13"]
[SourceVersion "1"]
[SourceVersionDate "2017.10.13"]
[SourceQuality "1"]

1. Nf3 d5 2. c4 dxc4 3. Qa4+ Nd7 4. Nc3 a6 5. g3 Ngf6 6. Bg2 e6 7. 0-0 Be7 8. Qxc4 0-0 9. d4 b5 10. Qd3 Bb7 11. a3 c5 12. dxc5 Nxc5 13. Qc2 Rc8 14. Rd1 Qe8 15. Ne5 Bxg2 16. Kxg2 Nce4 17. Be3 Nxc3 18. bxc3 Nd5 19. Bd4 Bf6 20. e4 Nxc3 21. Rd2 Bxe5 22. Bxe5 Qc6 23. Rd6 Qxe4+ 24. Qxe4 Nxe4 25. Rxa6 f6 26. Bd4 e5 27. Be3 Ra8 28. Rb6 Rfb8 29. Rxb8+ Rxb8 30. Rb1 Ra8 31. Rb3 Nd6 32. Bc5 Nc4 33. Rd3 Kf7 34. g4 Ke6 35. Bb4 g6 36. Rh3 h5 37. gxh5 gxh5 38. Kf1 h4 39. Rb3 Kd5 40. Rd3+ Ke6 41. Kg2 e4 42. Rh3 f5 43. Rxh4 Nxa3 44. Rh6+ Kd5 45. Rf6 Kc4 46. Bf8 b4 47. Rf7 b3 48. Rc7+ Kd3 49. Bg7 Rg8 50. Rc3+ Kd2 51. Rg3 Rxg7 52. Rxg7 b2 53. Rb7 b1Q 54. Rxb1 Nxb1 55. Kg3 Ke2 56. h4 Nc3 57. h5 Nd5 58. h6 Nf6 59. Kf4 Kxf2 60. Kxf5 e3 61. Kxf6 e2 62. h7 e1Q 63. Kg7 1/2-1/2

[Event "Belgrade tt Cup"]
[Site "Belgrade"]
[Date "2015.04.25"]
[Round "5.1"]
[White "Dunjic, Dragan"]
[Black "Radovanovic, Mihajlo"]
[Result "0-1"]
[WhiteElo "2176"]
[BlackElo "2201"]
[PlyCount "120"]
[EventDate "2015.04.20"]
[EventType "team-swiss"]
[EventRounds "5"]
[EventCountry "SRB"]
[SourceTitle "CBM 166 Extra"]
[Source "ChessBase"]
[SourceDate "2015.06.18"]
[SourceVersion "1"]
[SourceVersionDate "2015.06.18"]
[SourceQuality "1"]
[WhiteTeam "Borca"]
[BlackTeam "Tadic"]
[WhiteTeamCountry "SRB"]
[BlackTeamCountry "SRB"]

1. d4 d6 2. Nf3 Nf6 3. Bf4 g6 4. h3 Bg7 5. c3 0-0 6. e3 c5 7. a4 Qb6 8. Qc1 Nc6 9. Na3 Re8 10. Nc4 Qd8 11. Be2 Nd5 12. Bg3 cxd4 13. Nxd4 e5 14. Nb5 Bf8 15. Qd2 Be6 16. 0-0 a6 17. Nbxd6 Bxd6 18. Nxd6 Qxd6 19. e4 Rad8 20. exd5 Bxd5 21. Rfd1 Qe6 22. Bh4 f6 23. Qe3 Kg7 24. b4 Ne7 25. Bg4 Qc6 26. b5 axb5 27. axb5 Qxb5 28. Rab1 Qa4 29. Rb4 Qa5 30. Be2 Bc6 31. Qc1 Rxd1+ 32. Bxd1 Qc5 33. Qa3 Qd6 34. Be2 Rd8 35. Bf1 Nd5 36. Rb3 Qxa3 37. Rxa3 Ne7 38. f3 Rd1 39. c4 Nf5 40. Bf2 Nd6 41. Rd3 Rxd3 42. Bxd3 Nf7 43. Be3 f5 44. Kf2 Kf6 45. h4 Ke6 46. g4 e4 47. gxf5+ Kxf5 48. fxe4+ Bxe4 49. Be2 Ne5 50. Bd4 Bd3 51. Bxd3+ Nxd3+ 52. Ke3 Ne5 53. c5 Nd7 54. Kd3 Kg4 55. Bf2 Kf3 56. Be3 Kg3 57. Kd4 Kxh4 58. Bf2+ Kg4 59. Kd5 h5 60. Kd6 Nxc5 0-1

[Event "Belgrade-chT"]
[Site "Belgrade"]
[Date "2014.11.01"]
[Round "9"]
[White "Dunjic, Dragan"]
[Black "Nonkovic, Bogdana"]
[Result "0-1"]
[WhiteElo "2148"]
[BlackElo "2061"]
[PlyCount "92"]
[EventDate "2014.10.04"]
[EventType "team-tourn"]
[EventRounds "13"]
[EventCountry "SRB"]
[SourceTitle "EXT 2015"]
[Source "ChessBase"]
[SourceDate "2014.11.20"]
[SourceVersion "1"]
[SourceVersionDate "2014.11.20"]
[SourceQuality "1"]

1. f4 Nf6 2. Nf3 d5 3. g3 g6 4. Bg2 Bg7 5. 0-0 0-0 6. d3 c6 7. c3 Nbd7 8. Qe1 Qb6+ 9. e3 Re8 10. Ne5 Nc5 11. Qd1 Qa6 12. b4 Ncd7 13. Bf3 h5 14. a4 Nxe5 15. fxe5 Nh7 16. d4 Bh3 17. Be2 Qb6 18. Rf4 Qc7 19. e4 dxe4 20. Rxe4 Bf5 21. Rf4 Qd7 22. Rf2 Red8 23. Qb3 Be6 24. Bc4 Bxc4 25. Qxc4 Qd5 26. Qe2 a5 27. Be3 axb4 28. cxb4 Qb3 29. Qf3 Rf8 30. Nd2 Qxb4 31. Rb1 Qxa4 32. Rxb7 Ra7 33. Rb1 c5 34. dxc5 Bxe5 35. Qd5 Bg7 36. Rf4 Qa3 37. Rb3 Qc1+ 38. Rf1 Qc2 39. c6 Rc7 40. Rxf7 Rxf7 41. Qd8+ Nf8 42. Qxc7 Qd1+ 43. Kg2 Qe2+ 44. Kg1 Bd4 45. Bxd4 Qd1+ 46. Kg2 Qxd2+ 0-1

[Event "Belgrade-chT"]
[Site "Belgrade"]
[Date "2014.10.12"]
[Round "4"]
[White "Savkic, Igor"]
[Black "Dunjic, Dragan"]
[Result "0-1"]
[WhiteElo "2177"]
[BlackElo "2148"]
[PlyCount "136"]
[EventDate "2014.10.04"]
[EventType "team-tourn"]
[EventRounds "13"]
[EventCountry "SRB"]
[SourceTitle "EXT 2015"]
[Source "ChessBase"]
[SourceDate "2014.11.20"]
[SourceVersion "1"]
[SourceVersionDate "2014.11.20"]
[SourceQuality "1"]

1. e4 d5 2. exd5 Qxd5 3. Nc3 Qd6 4. Nf3 Nf6 5. d4 Bf5 6. Bd3 Bg4 7. h3 Bh5 8. 0-0 c6 9. Be3 e6 10. Ne4 Nxe4 11. Bxe4 Nd7 12. c4 Be7 13. Qc2 f5 14. Bd3 Bxf3 15. gxf3 0-0 16. Rfe1 b6 17. Rad1 Rac8 18. c5 Qc7 19. Bc4 Rf6 20. Bg5 Rg6 21. Rxe6 Rxg5+ 22. Kf1 Kf8 23. Ba6 Re8 24. cxb6 Nxb6 25. Rxc6 Qh2 26. Re6 Qxh3+ 27. Ke2 Nd5 28. Re5 Nb4 29. Qc4 Nxa6 30. Qxa6 f4 31. Re4 Qd7 32. Kd3 Qb5+ 33. Qxb5 Rxb5 34. Rxf4+ Bf6 35. b3 Re6 36. Kc4 Rb8 37. Rf5 Rd6 38. Ra5 a6 39. Rc5 Rbd8 40. d5 h5 41. b4 Be7 42. a3 h4 43. Rd4 h3 44. Kd3 Bf6 45. Rdc4 h2 46. Rc1 Rxd5+ 47. Rxd5 Rxd5+ 48. Ke4 Rd4+ 49. Kf5 Bd8 50. Ke6 Rc4 51. Rh1 Bc7 52. Kd7 Kf7 53. Kc8 Rc3 54. Kb7 Bd6 55. Kxa6 Rxa3+ 56. Kb7 Rxf3 57. Kc6 Bb8 58. Rf1 Ke6 59. Re1+ Be5 60. b5 Rxf2 61. b6 Rc2+ 62. Kb5 Kd5 63. Rd1+ Bd4 64. b7 Rb2+ 65. Ka6 Rb6+ 66. Ka7 Rb1+ 67. Ka6 Rxd1 68. b8Q Ra1+ 0-1

[Event "Belgrade-chT"]
[Site "Belgrade"]
[Date "2014.10.04"]
[Round "1"]
[White "Petrovic, Zoran Z"]
[Black "Dunjic, Dragan"]
[Result "0-1"]
[WhiteElo "2077"]
[BlackElo "2148"]
[PlyCount "132"]
[EventDate "2014.10.04"]
[EventType "team-tourn"]
[EventRounds "13"]
[EventCountry "SRB"]
[SourceTitle "EXT 2015"]
[Source "ChessBase"]
[SourceDate "2014.11.20"]
[SourceVersion "1"]
[SourceVersionDate "2014.11.20"]
[SourceQuality "1"]

1. c4 e5 2. Nc3 Nf6 3. g3 Nc6 4. Bg2 Bc5 5. Nf3 a6 6. 0-0 d6 7. d3 h6 8. Nd5 Nxd5 9. cxd5 Ne7 10. b4 Bb6 11. e4 0-0 12. d4 Ng6 13. dxe5 dxe5 14. Bb2 Qe7 15. Qb3 Bd7 16. a4 Rfe8 17. Nd2 Ba7 18. Kh1 b5 19. a5 Qd6 20. Rac1 Rac8 21. f4 exf4 22. gxf4 Nh4 23. Qg3 g5 24. Qc3 f6 25. e5 Qe7 26. fxg5 fxe5 27. gxh6 Nxg2 28. Qg3+ Kh7 29. Qxg2 Rg8 30. Qe4+ Rg6 31. Nf3 Bh3 32. Rg1 Bxg1 33. Rxg1 Rcg8 34. Ng5+ Kxh6 35. Nxh3 Rxg1+ 36. Nxg1 Qg5 37. Ne2 Rf8 38. Qg2 Qf5 39. Bc1+ Kh7 40. Ng1 Rg8 41. Qh3+ Qxh3 42. Nxh3 Rg4 43. Bb2 e4 44. Nf2 Rf4 45. Kg2 e3 46. Nd3 Rf5 47. Be5 e2 48. Bxc7 Rxd5 49. Ne1 Rd4 50. Kf3 Rxb4 51. Kxe2 Rc4 52. Bd6 Re4+ 53. Kf2 b4 54. Nf3 Kg6 55. Bc5 b3 56. Nd2 b2 57. Nb1 Rc4 58. Ba3 Rc1 59. Bxb2 Rc2+ 60. Ke3 Rxb2 61. Nd2 Ra2 62. Nc4 Rxh2 63. Kd4 Rh5 64. Ke4 Kf6 65. Kd4 Ke6 66. Kc3 Kd5 0-1

[Event "Belgrade-chT"]
[Site "Belgrade"]
[Date "2014.05.09"]
[Round "4"]
[White "Dunjic, Dragan"]
[Black "Vujicic, Mirko"]
[Result "1/2-1/2"]
[WhiteElo "2154"]
[BlackElo "2282"]
[PlyCount "123"]
[EventDate "2014.05.05"]
[EventType "swiss"]
[EventRounds "5"]
[EventCountry "SRB"]
[SourceTitle "CBM 160 Extra"]
[Source "ChessBase"]
[SourceDate "2014.07.01"]
[SourceVersion "1"]
[SourceVersionDate "2014.07.01"]
[SourceQuality "1"]

1. d4 d5 2. c4 e6 3. Nf3 c5 4. e3 Nc6 5. Nc3 Nf6 6. Be2 cxd4 7. exd4 dxc4 8. 0-0 Be7 9. Bxc4 0-0 10. Bf4 b6 11. Rc1 Nb4 12. Qe2 Bb7 13. Rfd1 Nbd5 14. Be5 Rc8 15. Ng5 h6 16. Nge4 Nxc3 17. Nxc3 Qd7 18. Bb5 Bc6 19. Bd3 Rfd8 20. Bb1 b5 21. a3 a5 22. b4 axb4 23. axb4 Qb7 24. f3 Nd7 25. Qc2 Nf8 26. Qb2 Bg5 27. f4 Be7 28. d5 exd5 29. Ne2 f6 30. Bd4 Be8 31. Bc5 Ne6 32. Bf5 Nxc5 33. Bxc8 Rxc8 34. bxc5 Rxc5 35. Kh1 Bg6 36. Ng3 b4 37. Qb3 Bf7 38. Nf5 Bf8 39. Rxc5 Bxc5 40. Qg3 Bh5 41. Rxd5 Qa7 42. Qxg7+ Qxg7 43. Nxg7 Kxg7 44. Rxc5 Bf7 45. Rb5 b3 46. Kg1 Bc4 47. Rb6 h5 48. Kf2 Kg6 49. Kg3 Kf5 50. Kh4 Bf7 51. h3 Bd5 52. Rb5 Ke4 53. Kxh5 Bf7+ 54. Kg4 Be6+ 55. f5 Bc4 56. Rb4 Kd5 57. Kf4 Kc5 58. Rb8 Bb5 59. Rc8+ Bc6 60. Rd8 Bxg2 61. h4 Bf1 62. h5 1/2-1/2

[Event "Belgrade-chT"]
[Site "Belgrade"]
[Date "2014.05.07"]
[Round "2"]
[White "Mikicic, Dusan"]
[Black "Dunjic, Dragan"]
[Result "1/2-1/2"]
[WhiteElo "2182"]
[BlackElo "2154"]
[PlyCount "113"]
[EventDate "2014.05.05"]
[EventType "swiss"]
[EventRounds "5"]
[EventCountry "SRB"]
[SourceTitle "CBM 160 Extra"]
[Source "ChessBase"]
[SourceDate "2014.07.01"]
[SourceVersion "1"]
[SourceVersionDate "2014.07.01"]
[SourceQuality "1"]

1. e4 d5 2. exd5 Qxd5 3. Nc3 Qd6 4. Nf3 Nf6 5. d4 c6 6. Be2 Bf5 7. 0-0 Nbd7 8. Be3 e6 9. Qd2 Qc7 10. Rfd1 Bd6 11. h3 0-0 12. Bd3 Bxd3 13. Qxd3 Rad8 14. Qc4 h6 15. a4 a5 16. Qe2 Rfe8 17. b3 Nb6 18. Rd3 Nbd5 19. Nxd5 exd5 20. c4 Qd7 21. c5 Bc7 22. Qc2 Re6 23. Re1 Rde8 24. Bd2 Ne4 25. Kf1 Rf6 26. Re2 Qf5 27. Be1 Ree6 28. Rde3 Ng3+ 29. fxg3 Qxc2 30. Rxe6 Qg6 31. Re8+ Kh7 32. g4 Qd3 33. R8e3 Qxd4 34. Bc3 Qf4 35. Bxf6 Qxf6 36. Kf2 b6 37. Re7 Bd8 38. Rd7 bxc5 39. Re8 Bb6 40. Rb7 Qb2+ 41. Kg3 Qxb3 42. Rxf7 c4 43. Ree7 Bd4 44. Kh2 Qb8+ 45. Kh1 Qb6 46. Rc7 Ba1 47. h4 Qb1+ 48. Kh2 Qe4 49. Kh3 Kg8 50. Rfe7 Qf4 51. Rc8+ Kh7 52. h5 Bf6 53. Ree8 g5 54. hxg6+ Kxg6 55. Rxc6 Kf7 56. Rec8 c3 57. R8c7+ 1/2-1/2

[Event "Belgrade City-chT"]
[Site "Belgrade"]
[Date "2013.11.10"]
[Round "6"]
[White "Dunjic, Dragan"]
[Black "Mikicic, Dusan"]
[Result "0-1"]
[WhiteElo "2160"]
[BlackElo "2155"]
[PlyCount "82"]
[EventDate "2013.10.26"]
[EventType "team-tourn"]
[EventRounds "11"]
[EventCountry "SRB"]
[SourceTitle "EXT 2015"]
[Source "ChessBase"]
[SourceDate "2014.11.20"]
[SourceVersion "1"]
[SourceVersionDate "2014.11.20"]
[SourceQuality "1"]

1. d4 d5 2. c4 c6 3. Nc3 Nf6 4. Nf3 g6 5. g3 Bg7 6. Bg2 0-0 7. 0-0 dxc4 8. h3 Nbd7 9. e4 b5 10. Qe2 Nb6 11. a4 a6 12. Rd1 Bb7 13. Bf4 e6 14. Qe3 Nbd7 15. g4 Re8 16. Bg5 Qc7 17. Bf4 Qc8 18. g5 Nh5 19. e5 Nb6 20. Bh2 Nd5 21. Qc1 Nxc3 22. bxc3 c5 23. Rb1 Bd5 24. axb5 axb5 25. Rxb5 Bf8 26. Ne1 Qc6 27. Bxd5 exd5 28. Qb1 cxd4 29. Rb6 Qd7 30. Rxd4 Bc5 31. Rb7 Qxh3 32. Rd2 Qxc3 33. Rc2 Qh3 34. Qb5 Rec8 35. Re2 Qe6 36. Qd7 d4 37. Kg2 Rd8 38. Qb5 Qd5+ 39. f3 d3 40. Rd2 Be3 41. Rd1 Ra2+ 0-1

[Event "Belgrade City-chT"]
[Site "Belgrade"]
[Date "2013.10.27"]
[Round "2"]
[White "Lorens Ristovic, Lami M"]
[Black "Dunjic, Dragan"]
[Result "1/2-1/2"]
[WhiteElo "2114"]
[BlackElo "2160"]
[PlyCount "34"]
[EventDate "2013.10.26"]
[EventType "team-tourn"]
[EventRounds "11"]
[EventCountry "SRB"]
[SourceTitle "EXT 2015"]
[Source "ChessBase"]
[SourceDate "2014.11.20"]
[SourceVersion "1"]
[SourceVersionDate "2014.11.20"]
[SourceQuality "1"]

1. c4 c6 2. d4 d5 3. cxd5 cxd5 4. Nf3 Nc6 5. Nc3 Nf6 6. Bf4 a6 7. e3 e6 8. a3 Be7 9. h3 0-0 10. Bd3 b5 11. b4 Bb7 12. 0-0 Rc8 13. Rc1 Nh5 14. Bh2 g6 15. Be2 f5 16. Nd2 Nf6 17. Nb3 Ra8 1/2-1/2

[Event "Belgrade Spring op"]
[Site "Belgrade"]
[Date "2013.03.21"]
[Round "2"]
[White "Kuzmanovic, Ratko"]
[Black "Dunjic, Dragan"]
[Result "0-1"]
[WhiteElo "1959"]
[BlackElo "2185"]
[PlyCount "112"]
[EventDate "2013.03.20"]
[EventType "swiss"]
[EventRounds "9"]
[EventCountry "SRB"]
[SourceTitle "CBM 153 Extra"]
[Source "ChessBase"]
[SourceDate "2013.04.22"]
[SourceVersion "1"]
[SourceVersionDate "2013.04.22"]
[SourceQuality "1"]

1. e4 d5 2. Nc3 d4 3. Nce2 e5 4. Ng3 c5 5. Nf3 Bd6 6. Bc4 Nf6 7. d3 0-0 8. Nh4 b5 9. Bb3 Bg4 10. Nf3 Qc7 11. a3 c4 12. Ba2 Nbd7 13. h3 Be6 14. Ng5 Nc5 15. 0-0 g6 16. Qe2 cxd3 17. cxd3 Bxa2 18. Rxa2 a5 19. Ra1 Nb3 20. Rb1 Rac8 21. Nf3 Nd7 22. Bh6 Rfe8 23. Rfd1 Bf8 24. Bxf8 Nxf8 25. Nd2 Nc5 26. Rdc1 Qd7 27. Rc2 Nce6 28. Rbc1 Nf4 29. Qf3 N8e6 30. Ndf1 h5 31. Qd1 Ng5 32. Nh2 Rxc2 33. Rxc2 Rc8 34. h4 Nge6 35. Nf3 f6 36. Kf1 Nc5 37. Ne1 a4 38. f3 Rc6 39. Ne2 Nfe6 40. Qd2 Kg7 41. Qa5 Qb7 42. g3 f5 43. exf5 gxf5 44. Nc1 Nb3 45. Nxb3 Rxc2 46. Nxc2 Qxf3+ 47. Ke1 Qe3+ 48. Kd1 axb3 49. Qa7+ Kf6 50. Nb4 Qf3+ 51. Ke1 e4 52. Qb8 Qh1+ 53. Ke2 exd3+ 54. Nxd3 Qe4+ 55. Kf2 Qxd3 56. Qh8+ Ke7 0-1

[Event "Belgrade-chT Quality"]
[Site "Belgrade"]
[Date "2012.10.21"]
[Round "4.3"]
[White "Pastar, Slaven"]
[Black "Dunjic, Dragan"]
[Result "0-1"]
[WhiteElo "2087"]
[BlackElo "2163"]
[PlyCount "78"]
[EventDate "2012.10.13"]
[EventType "team-tourn"]
[EventRounds "11"]
[EventCountry "SRB"]
[SourceTitle "EXT 2019"]
[Source "ChessBase"]
[SourceDate "2018.10.10"]
[SourceVersion "1"]
[SourceVersionDate "2018.10.10"]
[SourceQuality "1"]

1. g3 d5 2. Bg2 Nf6 3. d3 g6 4. Nf3 Bg7 5. 0-0 0-0 6. Nbd2 c5 7. e4 e6 8. Qe2 Nc6 9. c3 a5 10. Re1 Re8 11. Nf1 d4 12. c4 h6 13. h4 e5 14. N3h2 h5 15. Bf3 Nh7 16. Bg2 a4 17. Nf3 Ra6 18. Ng5 f6 19. Nxh7 Kxh7 20. Nh2 Bh6 21. Bxh6 Kxh6 22. Bf3 Kg7 23. Kg2 a3 24. b3 Nb4 25. Rh1 f5 26. Rag1 Rf6 27. Rd1 Bd7 28. exf5 e4 29. dxe4 Bxf5 30. Rhe1 Rfe6 31. Qd2 Bxe4 32. Bxe4 Rxe4 33. Nf3 Qf6 34. Rxe4 Rxe4 35. Qc1 Qc6 36. Qxa3 Re2 37. Qc1 Nc2 38. Qg5 Ne3+ 39. Kg1 Nxd1 0-1

[Event "Belgrade-chT Quality"]
[Site "Belgrade"]
[Date "2012.10.20"]
[Round "3.3"]
[White "Dunjic, Dragan"]
[Black "Djurovic, Slobodan"]
[Result "1-0"]
[WhiteElo "2163"]
[BlackElo "2178"]
[PlyCount "71"]
[EventDate "2012.10.13"]
[EventType "team-tourn"]
[EventRounds "11"]
[EventCountry "SRB"]
[SourceTitle "EXT 2019"]
[Source "ChessBase"]
[SourceDate "2018.10.10"]
[SourceVersion "1"]
[SourceVersionDate "2018.10.10"]
[SourceQuality "1"]

1. d4 Nf6 2. Nf3 g6 3. Bf4 Bg7 4. e3 d6 5. h3 0-0 6. Be2 Nc6 7. 0-0 Nd7 8. c3 e5 9. Bg5 f6 10. Bh4 g5 11. Bg3 f5 12. dxe5 dxe5 13. e4 f4 14. Bh2 Qe7 15. Ne1 Nf6 16. Bg4 Bxg4 17. hxg4 Kh8 18. Qe2 Qe6 19. f3 h5 20. gxh5 Nxh5 21. Kf2 Nf6 22. Rh1 Kg8 23. Bg1 Kf7 24. Qb5 g4 25. Nd2 Rfd8 26. Ke2 Kg6 27. Qb3 Qxb3 28. axb3 b6 29. b4 a6 30. fxg4 Nxg4 31. Nef3 Bf6 32. Bf2 Rh8 33. Rxh8 Bxh8 34. b5 Nb8 35. Nc4 a5 36. Rd1 1-0